| 000 | 00836nam a2200205 a 4500 | ||
|---|---|---|---|
| 001 | 000027669 | ||
| 003 | AM-YEHGA | ||
| 005 | 20250617121151.0 | ||
| 008 | 001025s1902 ai r 000 0 arm d | ||
| 040 | _aAM-YeHGA | ||
| 041 | 0 | _aarm | |
| 100 | 0 | _aՆեղոս Դոքսապատռ | |
| 245 | 1 | 0 |
_aՆեղոսի Դոքսապատռի կարգագրութիւն Պատրիարքական Աթոռոցն : _bՀայերէն եւ յունարէն / _cՆեղոս Դոքսապատռ ; հրատ. Ֆրանց Նիկոլաուս Ֆինկ. |
| 260 |
_aՎաղարշապատ : _bՏպարան Մայր Աթոռոյ Ս. Էջմիածնի, _c1902. |
||
| 300 | _a46 երկսյուն էջ | ||
| 546 | _aՏեքստը հայերեն և հունարեն | ||
| 650 | 1 | 4 | _aԵկեղեցական գործունեություն |
| 942 |
_2udc _cBK |
||
| 090 | _c12104 | ||
| 999 |
_c12010 _d12010 |
||